| 000 | 01105nam a2200265 a 4500 | ||
|---|---|---|---|
| 001 | BRL_1704 | ||
| 005 | 20190320211330.0 | ||
| 008 | 270514s1988----ve-abo####---#000-0#spa-# | ||
| 020 | _a9806057074 | ||
| 041 | _aspa | ||
| 044 | _ave | ||
| 050 | 4 |
_aGN301.A43 _b.M87 1988 |
|
| 110 | 2 |
_aMuseo Etnológico Monseñor Enzo Ceccarelli _927677 |
|
| 245 | 1 | 0 |
_aArte y vida _bcatálogo del Museo Etnológico ´Mons. Enzo Ceccarelli´ (Territorio Federal Amazonas) _credacción y selección de textos y rótulos Alejandro J. Signi Sánchez ; fotografías Tom Osso...[et al.] ; ilustraciones Juan Domínguez. |
| 260 |
_aCaracas, Venezuela _bVicariato Apostólico de Puerto Ayacucho _c1988 |
||
| 300 |
_a233 p. _bil., mapas, fotografías _c23 cm. |
||
| 500 | _aAu2132 | ||
| 610 | 2 | 4 |
_aMuseo Etnológico Monseñor Enzo Ceccarelli (Amazonas : Venezuela) _vCatalogos _927678 |
| 650 | 1 | 4 |
_aIndígenas de América del Sur _zAmazonas (Venezuela) _927679 |
| 700 | 1 |
_aSigni Sáncgez, Alejandro J. _927680 |
|
| 700 | 1 |
_aOsso, Tom _eil. _927681 |
|
| 700 | 1 |
_aDomínguez, Juan _eil. _927682 |
|
| 902 | _aGRL | ||
| 942 |
_2lcc _cB |
||
| 999 |
_c10512 _d10512 |
||